| 000 | 00336nam a22001217a 4500 | ||
|---|---|---|---|
| 082 |
_a347.5491 _bCOR |
||
| 100 | _aCornelius, A.R. | ||
| 245 |
_aThe Law and Judiciary of Pakistan / _cA.R. Cornelius |
||
| 260 |
_aLahore : _bLahore Law Times Publications, _cN.A. |
||
| 300 |
_a414 p. ; _c25 cm. |
||
| 563 | _aHB. | ||
| 942 |
_2ddc _cBK |
||
| 999 |
_c616255 _d616255 |
||